00506cam a2200181ua 45000010005000000080039000050200018000440400009000620410008000710820008000791000031000872450092001182500009002102600031002193000015002506530037002656530022003028394150129n ii |||gr||||Z||||||eng a9788125030089 cMAIN aeng a809 aNagarajan, M. S.,eAuthor.1 aEnglish literary ariticism and theory : bIntroductory history / cBy M.S. Nagarajan .  a1st. aNew Delhi:bOrient,c2007. aviii,312p. aHistory, description & criticism aEnglish criticism